000 01396nam a2200265Ia 4500
999 _c55963
_d55963
001 23062
003 GE_BSU
005 20230627105226.0
008 181216s1963ge xx |||||||||||||| ||geo||
040 _cGE_BSU
041 _ageo
080 _a821.124-31 ა-75
100 _aაპულეუსი
_918989
245 _aოქროს ვირი :
_bმეტამორფოზები : რომანი /
_cაპულეუსი, თარგმ. თ. ყიფიანმა ; რედ: ს. ყაუხჩიშვილი ; გ. წერეთლის წინასიტყვაობით ; ილ.: ალ. ვეფხვაძე
264 _aთბილისი :
_bლიტერატურა და ხელოვნება,
_c1963.
300 _a283 გვ . :
_b2ფ. ილ. ;
_c21 სმ.
653 _aლათინური პროზა.
653 _aოქროს ვირი : მეტამორფოზები
653 _aრომანი
700 _aყიფიანი, თ
_eმთარგმნელი
_91605
700 _aყაუხჩიშვილი, ს
_eრედაქტორი
_918990
700 _aწერეთლი, გ
_eწინასიტყვაობით
_94312
700 _aვეფხვაძე, ალ.
_eილუსტრატორი
_918991
942 _cBK
_2udc